[Event "San Cristobal op 3rd"]
[Site "San Cristobal de la Laguna"]
[Date "2021.08.28"]
[Round "1"]
[White "Milliet, Sophie"]
[Black "Santiago Llanes, Jose Juan"]
[Result "1-0"]
[WhiteElo "2407"]
[BlackElo "1644"]
[PlyCount "51"]
[EventDate "2021.08.28"]
[EventType "swiss"]
[EventRounds "9"]
[EventCountry "ESP"]
[SourceTitle "CBM 204 Extra"]
[Source "ChessBase"]
[SourceDate "2021.11.30"]
[SourceVersion "1"]
[SourceVersionDate "2021.11.30"]
[SourceQuality "1"]

1. e4 e6 2. d4 d5 3. Bd3 dxe4 4. Bxe4 Nf6 5. Bf3 Be7 6. Ne2 Nbd7 7. Nbc3 c6 8. Bf4 Nd5 9. Bg3 b6 10. 0-0 Bb7 11. Ne4 N7f6 12. c4 Nxe4 13. Bxe4 Nf6 14. Bf3 0-0 15. Qc2 Qd7 16. Rfd1 Rac8 17. Rab1 Bd6 18. Be5 Qc7 19. Bxf6 gxf6 20. Ng3 Kh8 21. b4 Rg8 22. Qe2 Qe7 23. c5 Bb8 24. a4 Rg7 25. Rbc1 f5 26. Nxf5 1-0

[Event "Gran Canaria Dominguez Memorial 3rd"]
[Site "Gran Canaria"]
[Date "2016.05.31"]
[Round "5"]
[White "Santiago Llanes, Jose Juan"]
[Black "Agejas Garcia, Diego"]
[Result "1-0"]
[WhiteElo "1698"]
[BlackElo "1517"]
[PlyCount "75"]
[EventDate "2016.05.17"]
[EventType "swiss"]
[EventRounds "7"]
[EventCountry "ESP"]
[SourceTitle "CBM 172 Extra"]
[Source "ChessBase"]
[SourceDate "2016.06.21"]
[SourceVersion "1"]
[SourceVersionDate "2016.06.21"]
[SourceQuality "1"]

1. d4 d5 2. Nf3 Nf6 3. Bf4 e6 4. e3 c5 5. c3 Bd6 6. Bg3 Nc6 7. Bd3 0-0 8. Nbd2 b6 9. Ne5 Bb7 10. 0-0 Ne7 11. f4 Nf5 12. Qf3 Be7 13. Bf2 Nd6 14. Qh3 Nfe4 15. Ndf3 c4 16. Bc2 b5 17. Bh4 Nf5 18. Bxe7 Qxe7 19. Rae1 b4 20. g4 Nh6 21. Bxe4 dxe4 22. Nd2 bxc3 23. bxc3 Rfc8 24. Rf2 Bd5 25. f5 f6 26. g5 Nxf5 27. gxf6 Qxf6 28. Rf4 Qg5+ 29. Kh1 Qe7 30. Kg1 Qb7 31. Rb1 Qa6 32. Nxe4 Qxa2 33. Rbf1 Qe2 34. Rxf5 exf5 35. Nd6 Rf8 36. Nxf5 Kh8 37. Ng6+ Kg8 38. Nfe7# 1-0

[Event "Gran Canaria Cabildo op"]
[Site "Gran Canaria"]
[Date "2016.02.19"]
[Round "2"]
[White "Santiago Llanes, Jose Juan"]
[Black "Nuez Vostokov, Maria"]
[Result "1-0"]
[WhiteElo "1664"]
[BlackElo "1389"]
[PlyCount "123"]
[EventDate "2016.02.16"]
[EventType "swiss"]
[EventRounds "9"]
[EventCountry "ESP"]
[SourceTitle "CBM 171 Extra"]
[Source "ChessBase"]
[SourceDate "2016.04.26"]
[SourceVersion "1"]
[SourceVersionDate "2016.04.26"]
[SourceQuality "1"]

1. d4 Nf6 2. Nf3 g6 3. Bf4 Bg7 4. e3 d5 5. c4 e6 6. Nc3 c6 7. Be2 0-0 8. cxd5 cxd5 9. 0-0 Nc6 10. Ne5 Bd7 11. Nb5 Nxe5 12. Bxe5 Ne8 13. Bg3 a6 14. Nc3 Nf6 15. Qb3 Bc6 16. Rfc1 Qd7 17. a4 Rac8 18. h3 h6 19. Qd1 Rfd8 20. Bh2 Ne4 21. b3 Nxc3 22. Rxc3 Bf8 23. Be5 Bb4 24. Rc2 Bd6 25. Bf6 Be7 26. Be5 Bd6 27. Bxd6 Qxd6 28. Rac1 Qe7 29. Bxa6 bxa6 30. Rxc6 Rxc6 31. Rxc6 Qb7 32. Qc2 Kg7 33. Qc3 Rb8 34. a5 h5 35. Rb6 Qa7 36. Qc6 Qa8 37. Qxa8 Rxa8 38. f3 Kf6 39. Kf2 g5 40. e4 Ke7 41. Ke3 Kd7 42. g3 Kc7 43. f4 g4 44. h4 Rb8 45. Rxb8 Kxb8 46. exd5 exd5 47. f5 f6 48. Kd3 Kc7 49. Kc3 Kb7 50. Kb4 Kc6 51. Ka4 Kb7 52. Ka3 Kc6 53. b4 Kb5 54. Kb3 Kc6 55. Ka4 Kb7 56. b5 Ka7 57. bxa6 Kxa6 58. Kb4 Kb7 59. Kb5 Ka7 60. Kc5 Ka6 61. Kxd5 Kxa5 62. Kc6 1-0

[Event "Las Palmas Insular-chT Pref-B"]
[Site "Las Palmas"]
[Date "2015.12.19"]
[Round "7.4"]
[White "Santiago Llanes, Jose Juan"]
[Black "Martinez Molina, Jose Juan"]
[Result "0-1"]
[WhiteElo "1661"]
[BlackElo "1819"]
[PlyCount "62"]
[EventDate "2015.10.17"]
[EventType "team-tourn"]
[EventRounds "14"]
[EventCountry "ESP"]
[SourceTitle "CBM 170 Extra"]
[Source "ChessBase"]
[SourceDate "2016.02.25"]
[SourceVersion "1"]
[SourceVersionDate "2016.02.25"]
[SourceQuality "1"]
[WhiteTeam "Telde Los Llanos"]
[BlackTeam "Drago de Sataute Centro Goya III"]
[WhiteTeamCountry "ESP"]
[BlackTeamCountry "ESP"]

1. d4 Nf6 2. Nf3 g6 3. Bf4 Bg7 4. e3 0-0 5. Be2 d6 6. h3 c6 7. c4 Nbd7 8. Nc3 Re8 9. 0-0 a6 10. a4 b6 11. b4 c5 12. Qb3 e5 13. dxe5 dxe5 14. Bh2 Bb7 15. Rfd1 Qc8 16. a5 Ne4 17. Nxe4 Bxe4 18. Ra2 cxb4 19. axb6 a5 20. Rad2 Nc5 21. Qa2 a4 22. Nh4 b3 23. Qa3 Bc2 24. Rc1 Ra6 25. b7 Nxb7 26. c5 Ra5 27. Nf3 Rxc5 28. Qxa4 b2 29. Rcxc2 b1Q+ 30. Bf1 Rxc2 31. Rxc2 Qbxc2 0-1

[Event "Gran Canaria Larsen Memorial 1st"]
[Site "Gran Canaria"]
[Date "2015.09.16"]
[Round "4"]
[White "Camino Carrio, Nicanor"]
[Black "Santiago Llanes, Jose Juan"]
[Result "1-0"]
[WhiteElo "2022"]
[BlackElo "1669"]
[PlyCount "43"]
[EventDate "2015.09.09"]
[EventType "swiss"]
[EventRounds "7"]
[EventCountry "ESP"]
[SourceTitle "EXT 2016"]
[Source "ChessBase"]
[SourceDate "2015.10.08"]
[SourceVersion "1"]
[SourceVersionDate "2015.10.08"]
[SourceQuality "1"]

1. e4 d5 2. exd5 Qxd5 3. Nc3 Qa5 4. d4 Nf6 5. Bc4 c6 6. Bd2 Bf5 7. Nf3 e6 8. Qe2 Bb4 9. 0-0-0 Nbd7 10. Ne5 Nxe5 11. dxe5 Nd7 12. a3 Bxc3 13. Bxc3 Qc7 14. g4 Bg6 15. f4 0-0-0 16. Rhf1 Nb6 17. Rxd8+ Rxd8 18. Bb3 h6 19. f5 exf5 20. gxf5 Bh7 21. e6 fxe6 22. Bxe6+ 1-0

[Event "Las Palmas Centro Goya op"]
[Site "Las Palmas"]
[Date "2014.12.04"]
[Round "4"]
[White "Macias Reyes, Jose Luis"]
[Black "Santiago Llanes, Jose Juan"]
[Result "1-0"]
[WhiteElo "1518"]
[BlackElo "1698"]
[PlyCount "69"]
[EventDate "2014.12.01"]
[EventType "swiss"]
[EventRounds "9"]
[EventCountry "ESP"]
[SourceTitle "CBM 163 Extra"]
[Source "ChessBase"]
[SourceDate "2014.12.23"]
[SourceVersion "1"]
[SourceVersionDate "2014.12.23"]
[SourceQuality "1"]

1. d4 Nf6 2. c4 e6 3. Nf3 b6 4. g3 Bb7 5. Bg2 Be7 6. 0-0 0-0 7. Nc3 d5 8. b3 Nbd7 9. Re1 Bb4 10. Qc2 Ne4 11. Bb2 f5 12. a3 Bxc3 13. Bxc3 Nxc3 14. Qxc3 Rc8 15. c5 c6 16. b4 Qf6 17. Ne5 Nxe5 18. dxe5 Qf7 19. h4 Ba6 20. e3 Kh8 21. f4 Rb8 22. Kf2 h6 23. Rh1 g6 24. Qd4 b5 25. a4 bxa4 26. Rxa4 Bb5 27. Ra5 Ra8 28. Bf1 Bxf1 29. Kxf1 Qb7 30. Kf2 Rfb8 31. Rb1 Qc7 32. Qd3 Rb7 33. Qa3 Qc8 34. Qa4 Qd7 35. b5 1-0

[Event "Las Palmas Centro Goya op"]
[Site "Las Palmas"]
[Date "2014.12.02"]
[Round "2"]
[White "Sanabria Taskila, Jenny Maria"]
[Black "Santiago Llanes, Jose Juan"]
[Result "1/2-1/2"]
[WhiteElo "1390"]
[BlackElo "1698"]
[PlyCount "88"]
[EventDate "2014.12.01"]
[EventType "swiss"]
[EventRounds "9"]
[EventCountry "ESP"]
[SourceTitle "CBM 163 Extra"]
[Source "ChessBase"]
[SourceDate "2014.12.23"]
[SourceVersion "1"]
[SourceVersionDate "2014.12.23"]
[SourceQuality "1"]

1. e4 d5 2. exd5 Qxd5 3. Nc3 Qa5 4. d4 Nf6 5. Bd2 c6 6. Bc4 Bf5 7. Nf3 e6 8. 0-0 Nbd7 9. Re1 Be7 10. Ne5 0-0 11. Nd5 Qd8 12. Nxe7+ Qxe7 13. Bg5 Qb4 14. Bb3 h6 15. Nxd7 Nxd7 16. c3 Qd6 17. Bh4 Nb6 18. Bg3 Qd7 19. Qf3 Nd5 20. Rad1 b5 21. a4 a6 22. Be5 f6 23. Bg3 Kh8 24. Re2 Rfe8 25. Rde1 Rac8 26. c4 Nb4 27. Rd1 bxc4 28. Bxc4 Bc2 29. Rdd2 Bf5 30. b3 a5 31. Bf4 Nd5 32. Bg3 Bh7 33. Qg4 Bf5 34. Qf3 Nb4 35. Qe3 Nd5 36. Qf3 Rcd8 37. h3 Qa7 38. Bf4 Qd7 39. Re1 Bh7 40. Qg3 Rc8 41. Ba6 Ra8 42. Bc4 Bg8 43. Bd3 Bh7 44. Bc4 Bg8 1/2-1/2

[Event "Las Palmas Centro Goya op"]
[Site "Las Palmas"]
[Date "2014.12.01"]
[Round "1"]
[White "Santiago Llanes, Jose Juan"]
[Black "Kurajica, Bojan"]
[Result "0-1"]
[WhiteElo "1698"]
[BlackElo "2505"]
[PlyCount "76"]
[EventDate "2014.12.01"]
[EventType "swiss"]
[EventRounds "9"]
[EventCountry "ESP"]
[SourceTitle "CBM 163 Extra"]
[Source "ChessBase"]
[SourceDate "2014.12.23"]
[SourceVersion "1"]
[SourceVersionDate "2014.12.23"]
[SourceQuality "1"]

1. d4 Nf6 2. Nf3 e6 3. Bf4 c5 4. c3 b6 5. Nbd2 Bb7 6. e3 Be7 7. Bd3 0-0 8. 0-0 Nc6 9. Re1 Nh5 10. Bg3 Nxg3 11. hxg3 d5 12. Qc2 g6 13. dxc5 bxc5 14. e4 Bf6 15. Bb5 Qc7 16. Rad1 Rad8 17. exd5 exd5 18. Bxc6 Bxc6 19. Nb3 Bb5 20. Qc1 Ba4 21. Rd2 Qb6 22. Rde2 Bb5 23. Re3 Bg7 24. Re7 Bf6 25. R7e3 d4 26. cxd4 cxd4 27. Re4 Bd3 28. Rf4 g5 29. Rxf6 Qxf6 30. Nxg5 Bg6 31. Ne4 Qg7 32. Qd2 Rfe8 33. Nbc5 d3 34. b3 f5 35. Ng5 Rxe1+ 36. Qxe1 d2 37. Qd1 Bh5 38. Nf3 Qc3 0-1

[Event "Las Palmas Insular-chT Primera-B"]
[Site "Las Palmas"]
[Date "2014.02.01"]
[Round "8.4"]
[White "Fernandez de la Hoz A, Carlos"]
[Black "Santiago Llanes, Jose Juan"]
[Result "1-0"]
[WhiteElo "1857"]
[BlackElo "1740"]
[PlyCount "117"]
[EventDate "2013.11.09"]
[EventType "team-tourn"]
[EventRounds "14"]
[EventCountry "ESP"]
[SourceTitle "EXT 2015"]
[Source "ChessBase"]
[SourceDate "2014.11.20"]
[SourceVersion "1"]
[SourceVersionDate "2014.11.20"]
[SourceQuality "1"]
[WhiteTeam "Estudio Juridicio Hernandez"]
[BlackTeam "Telde Los Llanos"]
[WhiteTeamCountry "ESP"]
[BlackTeamCountry "ESP"]

1. e4 d5 2. exd5 Qxd5 3. Nc3 Qa5 4. d4 Nf6 5. Bd3 c6 6. Nge2 g6 7. Bd2 Bg7 8. Ne4 Qb6 9. Nxf6+ Bxf6 10. Qc1 Nd7 11. c3 e5 12. 0-0 0-0 13. Be3 exd4 14. Bxd4 Bxd4 15. Nxd4 Ne5 16. Bc2 c5 17. Ne2 Bg4 18. Ng3 Rfe8 19. h3 Be6 20. Qh6 f5 21. b3 Rad8 22. c4 Nc6 23. Rad1 Nd4 24. Bb1 Qc7 25. Rfe1 Qg7 26. Qc1 Bc8 27. Re3 f4 28. Rxe8+ Rxe8 29. Qxf4 b6 30. Be4 Qe5 31. Bd5+ Kh8 32. Qf7 Qe7 33. Qxe7 Rxe7 34. Kf1 Kg7 35. Rd2 Be6 36. Bxe6 Rxe6 37. Ne2 Nc6 38. Nf4 Re7 39. f3 Nb4 40. Nd5 Nxd5 41. Rxd5 Kf6 42. Kf2 Kf7 43. g4 Ke6 44. f4 Kf7 45. h4 Ke8 46. Re5 Rxe5 47. fxe5 Ke7 48. Ke3 h6 49. Ke4 Ke6 50. Kf4 Kf7 51. h5 gxh5 52. gxh5 Ke6 53. Ke4 a6 54. a3 b5 55. cxb5 axb5 56. a4 bxa4 57. bxa4 c4 58. a5 c3 59. Kd3 1-0

[Event "Las Palmas op 34th"]
[Site "Las Palmas"]
[Date "2013.12.04"]
[Round "3"]
[White "Santiago Llanes, Jose Juan"]
[Black "Gonzalez Ortega, Pino"]
[Result "1-0"]
[WhiteElo "1728"]
[BlackElo "1417"]
[PlyCount "21"]
[EventDate "2013.12.02"]
[EventType "swiss"]
[EventRounds "9"]
[EventCountry "ESP"]
[SourceTitle "CBM 157 Extra"]
[Source "ChessBase"]
[SourceDate "2013.12.19"]
[SourceVersion "1"]
[SourceVersionDate "2013.12.19"]
[SourceQuality "1"]

1. d4 Nf6 2. Bf4 e6 3. Nf3 c5 4. e3 d5 5. b3 Nc6 6. Nbd2 Be7 7. Bd3 Nh5 8. Bg3 0-0 9. Ne5 Nf6 10. 0-0 b6 11. Nxc6 1-0

[Event "Las Palmas op 34th"]
[Site "Las Palmas"]
[Date "2013.12.03"]
[Round "2"]
[White "Menvielle Laccourreye, Augusto"]
[Black "Santiago Llanes, Jose Juan"]
[Result "1-0"]
[WhiteElo "2146"]
[BlackElo "1728"]
[PlyCount "43"]
[EventDate "2013.12.02"]
[EventType "swiss"]
[EventRounds "9"]
[EventCountry "ESP"]
[SourceTitle "CBM 157 Extra"]
[Source "ChessBase"]
[SourceDate "2013.12.19"]
[SourceVersion "1"]
[SourceVersionDate "2013.12.19"]
[SourceQuality "1"]

1. e4 d5 2. exd5 Qxd5 3. Nc3 Qa5 4. d4 Nf6 5. Nf3 Bf5 6. Ne5 c6 7. Bd2 Nbd7 8. Nc4 Qc7 9. Qc1 Nd5 10. Nxd5 cxd5 11. Ne3 Be6 12. c4 Nf6 13. cxd5 Qxc1+ 14. Rxc1 Nxd5 15. Bb5+ Kd8 16. 0-0 g6 17. Bc4 Nf4 18. d5 Bd7 19. Bc3 Rg8 20. d6 e6 21. Ng4 b5 22. Ba5+ 1-0

[Event "Las Palmas Insular-chT Primera-B"]
[Site "Las Palmas"]
[Date "2013.11.23"]
[Round "3.3"]
[White "Suarez Ramirez, Jonay"]
[Black "Santiago Llanes, Jose Juan"]
[Result "1/2-1/2"]
[WhiteElo "1607"]
[BlackElo "1740"]
[PlyCount "101"]
[EventDate "2013.11.09"]
[EventType "team-tourn"]
[EventRounds "14"]
[EventCountry "ESP"]
[SourceTitle "EXT 2015"]
[Source "ChessBase"]
[SourceDate "2014.11.20"]
[SourceVersion "1"]
[SourceVersionDate "2014.11.20"]
[SourceQuality "1"]
[WhiteTeam "Grandama Avenida de Canarias"]
[BlackTeam "Telde Los Llanos"]
[WhiteTeamCountry "ESP"]
[BlackTeamCountry "ESP"]

1. c4 Nf6 2. Nc3 d5 3. cxd5 Nxd5 4. g3 Nxc3 5. bxc3 e5 6. Bg2 Bc5 7. d3 0-0 8. Bd2 Qf6 9. Nf3 Nc6 10. 0-0 h6 11. Qc2 Re8 12. Rfb1 Bb6 13. a4 a6 14. Qc1 e4 15. dxe4 Rxe4 16. Be3 Bxe3 17. fxe3 Rc4 18. Nd4 Na5 19. Rb4 Rxb4 20. cxb4 Nc6 21. Nxc6 bxc6 22. Bxc6 Rb8 23. Rb1 Qd6 24. Qc4 Rb6 25. Bd5 Be6 26. Bxe6 Qxe6 27. Qxe6 Rxe6 28. Kf2 Re4 29. Kf3 Rc4 30. e4 Kf8 31. Ke3 Ke7 32. Kd3 Rc6 33. b5 Rb6 34. Kc4 axb5+ 35. Rxb5 Re6 36. Kd4 Kd7 37. a5 Kc6 38. Rb2 Rd6+ 39. Ke5 Rd1 40. h4 Ra1 41. Rc2+ Kb7 42. Rc5 Ra2 43. e3 Ra3 44. Kf4 Rd3 45. Re5 Rd7 46. Rc5 Rd1 47. Rf5 Ka6 48. Rc5 Kb7 49. Re5 Rd7 50. Rc5 Rd1 51. Re5 1/2-1/2

[Event "Las Palmas Fischer Memorial 3rd"]
[Site "Las Palmas"]
[Date "2013.10.31"]
[Round "7"]
[White "Santiago Llanes, Jose Juan"]
[Black "Guerrero Orihuela, Jose Luis"]
[Result "0-1"]
[WhiteElo "1740"]
[BlackElo "1590"]
[PlyCount "104"]
[EventDate "2013.10.11"]
[EventType "swiss"]
[EventRounds "7"]
[EventCountry "ESP"]
[SourceTitle "EXT 2014"]
[Source "ChessBase"]
[SourceDate "2013.11.20"]
[SourceVersion "1"]
[SourceVersionDate "2013.11.20"]
[SourceQuality "1"]

1. d4 Nf6 2. Bf4 e6 3. e3 Be7 4. Nf3 Nh5 5. Bg3 Nxg3 6. hxg3 b6 7. Nbd2 Bb7 8. Bd3 h6 9. Qe2 Nc6 10. c3 a6 11. e4 b5 12. d5 Na7 13. dxe6 dxe6 14. Rd1 c6 15. 0-0 0-0 16. e5 Qc7 17. Qe4 g6 18. Qe3 Rfd8 19. Ne4 Kh7 20. Nf6+ Bxf6 21. exf6 c5 22. Ne5 Rd5 23. Ng4 Rg5 24. Be2 Nc6 25. f4 Rf5 26. Nxh6 Kxh6 27. g4 Rxf6 28. g5+ Kg7 29. gxf6+ Kxf6 30. Qxc5 Rh8 31. Qd6 Qb6+ 32. Rf2 Rd8 33. Qa3 Rxd1+ 34. Bxd1 Ne7 35. c4 Qd4 36. Qc3 Qxc3 37. bxc3 bxc4 38. Bf3 Bxf3 39. Rxf3 Nd5 40. g3 Kf5 41. Kf2 Ke4 42. Ke2 Kf5 43. Kd2 Kg4 44. Ke2 f5 45. Kf2 g5 46. fxg5 Kxg5 47. Kg2 Kg4 48. Kf2 e5 49. Kg2 e4 50. Rf2 Nxc3 51. Rc2 Nd5 52. Rxc4 Ne3+ 0-1

[Event "Las Palmas Fischer Memorial 3rd"]
[Site "Las Palmas"]
[Date "2013.10.25"]
[Round "5"]
[White "Santiago Llanes, Jose Juan"]
[Black "Agejas Garcia, Diego"]
[Result "1-0"]
[WhiteElo "1740"]
[BlackElo "1353"]
[PlyCount "59"]
[EventDate "2013.10.11"]
[EventType "swiss"]
[EventRounds "7"]
[EventCountry "ESP"]
[SourceTitle "EXT 2014"]
[Source "ChessBase"]
[SourceDate "2013.11.20"]
[SourceVersion "1"]
[SourceVersionDate "2013.11.20"]
[SourceQuality "1"]

1. d4 d5 2. Bf4 Bf5 3. Nf3 Nf6 4. e3 e6 5. c4 Be7 6. Qb3 b6 7. Nc3 c6 8. cxd5 cxd5 9. Bb5+ Nbd7 10. Ne5 0-0 11. Nc6 Qe8 12. 0-0 Nh5 13. Ne5 Nhf6 14. Qa4 a6 15. Bxd7 Nxd7 16. Qxd7 Qxd7 17. Nxd7 Rfe8 18. Nxb6 Ra7 19. Rac1 Rb7 20. Nca4 Bd8 21. Nc8 Rb4 22. Nd6 Rf8 23. b3 Bg4 24. f3 Bh5 25. Nc5 Kh8 26. Nxa6 Rb6 27. Nc5 Rg8 28. a4 Be7 29. a5 Rbb8 30. a6 1-0

[Event "Las Palmas Fischer Memorial 3rd"]
[Site "Las Palmas"]
[Date "2013.10.11"]
[Round "1"]
[White "Santiago Llanes, Jose Juan"]
[Black "Ramirez Maillo, Cristian"]
[Result "0-1"]
[WhiteElo "1740"]
[BlackElo "1212"]
[PlyCount "92"]
[EventDate "2013.10.11"]
[EventType "swiss"]
[EventRounds "7"]
[EventCountry "ESP"]
[SourceTitle "EXT 2014"]
[Source "ChessBase"]
[SourceDate "2013.11.20"]
[SourceVersion "1"]
[SourceVersionDate "2013.11.20"]
[SourceQuality "1"]

1. e4 c5 2. Nf3 d6 3. d4 cxd4 4. Nxd4 Nf6 5. Nc3 g6 6. Be3 Bg7 7. Be2 0-0 8. h3 Nc6 9. Qd2 Bd7 10. 0-0-0 Rc8 11. Nf3 Be6 12. Bh6 Ne5 13. Bxg7 Kxg7 14. Nxe5 dxe5 15. Qxd8 Rfxd8 16. f3 Nh5 17. Rhe1 Nf4 18. Bf1 h5 19. h4 Kf6 20. g3 Nh3 21. Nd5+ Bxd5 22. exd5 Nf2 23. Rd2 Nh1 24. Bh3 Nxg3 25. Bxc8 Rxc8 26. d6 e6 27. c3 Nf5 28. Re4 Rd8 29. f4 exf4 30. Rxf4 e5 31. Rf1 Ke6 32. d7 Rxd7 33. Rxd7 Kxd7 34. Kd2 Ke6 35. Rh1 e4 36. Re1 Ke5 37. c4 Nxh4 38. Rf1 Nf5 39. b4 e3+ 40. Kd3 e2 41. Re1 Ng3 42. c5 h4 43. b5 h3 44. Kd2 h2 45. c6 bxc6 46. bxc6 Kd6 0-1